Three Rationalities in Development Decisions

Gespeichert in:
Bibliographische Detailangaben
1. Verfasser: Goulet, Denis
Format: Buch
Sprache:Englisch
Veröffentlicht: Budapest Institute for World Economy 1986
Ausgabe:1. ed.
Tags: Tag hinzufügen
Keine Tags, Fügen Sie das erste Tag hinzu!

MARC

LEADER 00000nam a2200000 4500
001 c033892
005 20221220073058.8
041 0 |a eng 
044 |a HU 
245 1 0 |a Three Rationalities in Development Decisions  |c Denis Goulet 
250 |a 1. ed. 
264 1 |a Budapest  |b Institute for World Economy  |c 1986 
300 |a 25 s. 
100 1 |a Goulet, Denis